Państwa rymujące się ze słowami - Statystyki

Ogólne statystyki
  • Ten quiz został rozwiązany 7 680 razy
    7 645 od ostatniego zresetowania
  • Średni wynik to 11 z 21
Statystyki odpowiedzi
Rym Państwo % Poprawnych
Tuba Kuba
90%
Przepal Nepal
88%
Stancja Francja
81%
Nasturcja Turcja
80%
Lukrecja Grecja | Szwecja
74%
Ślad Czad
66%
Graffiti Haiti
57%
Strategia Norwegia
57%
Drogo Togo
57%
Ruiny Chiny | Filipiny
56%
Labrador Ekwador | Salwador
52%
Zambia Gambia
52%
Pończochy Włochy
46%
Podziwia Boliwia
40%
Dwojako Monako
38%
Akacja Chorwacja | Słowacja
36%
Kolonia Japonia | Estonia
29%
Rukola Angola
21%
Bogini Eswatini
21%
Kumpela Wenezuela
20%
Liryka Kostaryka
19%
Nie znaleziono quizów pasujących do podanych kryteriów
Rozkład punktacji
Procent ludzi z każdym wynikiem
Percentyl według liczby udzielonych odpowiedzi
Twoja historia wyników
Nie rozwiązałeś tego quizu od ostatniego zresetowania